00346nam a2200109Ia 4500008004100000082001700041100002200058245005000080260003900130630001800169650004900187211109s9999||||xx |||||||||||||| ||und|| a328.3bILB-P aIlburt, Courtenay 0aParliament Its History, Constitution Practice bNATIONAL BOOKSTALLaKottayamc1920 xGeneral Stack aSocial SciencesvPoliticsxPolitical Science